Creep of engineering materials (Record no. 545057)

000 -LEADER
fixed length control field 00484nam a22001571 4500
082 00 - DEWEY DECIMAL CLASSIFICATION NUMBER
Classification number 620.11233
Author Mark FIN
-- D
100 1# - MAIN ENTRY--PERSONAL NAME
Personal name Finnie, Iain.
9 (RLIN) 40810
245 10 - TITLE STATEMENT
Title Creep of engineering materials
Statement of responsibility, etc. [by] Iain Finnie and William R. Heller.
260 ## - PUBLICATION, DISTRIBUTION, ETC.
Place of publication, distribution, etc. New York,
Name of publisher, distributor, etc. McGraw-Hill,
Date of publication, distribution, etc. 1959.
300 ## - PHYSICAL DESCRIPTION
Extent 341 p.
Other physical details illus.
Dimensions 24 cm.
526 ## - STUDY PROGRAM INFORMATION NOTE
Program name 0
Interest level 0
Reading level 0
Title point value 620_112330000000000_FIN
650 #0 - SUBJECT ADDED ENTRY--TOPICAL TERM
Topical term or geographic name entry element Materials
General subdivision Creep.
9 (RLIN) 40811
650 #0 - SUBJECT ADDED ENTRY--TOPICAL TERM
Topical term or geographic name entry element MCE
9 (RLIN) 379
700 1# - ADDED ENTRY--PERSONAL NAME
Personal name Heller, William R.,
9 (RLIN) 40812
942 ## - ADDED ENTRY ELEMENTS (KOHA)
Source of classification or shelving scheme
Koha item type Book
Holdings
Withdrawn status Lost status Source of classification or shelving scheme Damaged status Not for loan Permanent Location Current Location Date acquired Total Checkouts Full call number Barcode Date last seen Price effective from Koha item type
          Military College of Engineering (MCE) Military College of Engineering (MCE) 05/16/2014   620.11233 FIN MCE-35292 05/16/2014 05/16/2014 Book
© 2023 Central Library, National University of Sciences and Technology. All Rights Reserved.